Central Library OPAC University of Rajshahi

Chemical applications of spectroscopy / (Record no. 13894)

MARC details
000 -LEADER
fixed length control field 01037cam a2200277 4500
001 - CONTROL NUMBER
control field 13894
003 - CONTROL NUMBER IDENTIFIER
rucl marc code BD-RjUL
005 - DATE AND TIME OF LATEST TRANSACTION
control field 20211208235531.0
008 - FIXED-LENGTH DATA ELEMENTS--GENERAL INFORMATION
fixed length control field 140203r19661956nyua b 001 0 eng
035 ## - SYSTEM CONTROL NUMBER
System control number (BD-RjUL)13946
040 ## - CATALOGING SOURCE
Original cataloging agency DLC
Transcribing agency DLC
Modifying agency DLC
-- BD-RjUL
Language of cataloging eng
041 ## - LANGUAGE CODE
Language code of text/sound track or separate title eng
082 00 - DEWEY DECIMAL CLASSIFICATION NUMBER
Classification number 547.0028
Author mark and year CHE 1966
245 00 - TITLE STATEMENT
Title Chemical applications of spectroscopy /
Statement of responsibility, etc. Editor: W. West. Authors: Ralph S. Becker [and others]
Number of part/section of a work Volume 9
260 ## - PUBLICATION, DISTRIBUTION, ETC. (IMPRINT)
Place of publication, distribution, etc. New York :
Name of publisher, distributor, etc. Interscience Publishers,
Date of publication, distribution, etc. c1956 [4th printing 1966].
300 ## - PHYSICAL DESCRIPTION
Pagination xxviii, 787 p. :
Illustrations illus. ;
Size 24 cm.
490 0# - SERIES STATEMENT
Series statement Technique of organic chemistry, v. 9
504 ## - BIBLIOGRAPHY, ETC. NOTE
Bibliography, etc Includes bibliographical references and index.
650 #0 - SUBJECT ADDED ENTRY--TOPICAL TERM
Topical term or geographic name as entry element Spectrum analysis.
9 (RLIN) 43428
700 1# - ADDED ENTRY--PERSONAL NAME
Personal name Becker, Ralph S.
Fuller form of name (Ralph Sherman),
Dates associated with a name 1925-
Personal name West, W.
Fuller form of name (William),
Dates associated with a name 1901-
Relator term ed.
Personal name Gordy, Walter,
Dates associated with a name 1909-1985.
942 ## - ADDED ENTRY ELEMENTS (KOHA)
Source of classification or shelving scheme Dewey Decimal Classification
Koha item type Books
Holdings
Lost status Source of classification or shelving scheme Materials specified (bound volume or other part) Damaged status Not for loan Collection code Permanent Location Current Location Shelving location Date acquired Source of acquisition Cost, normal purchase price Total Checkouts Full call number Date last seen Copy number Koha item type
  Dewey Decimal Classification V-9   Not For Loan Non-fiction Central Library, University of Rajshahi Central Library, University of Rajshahi Reading Room 08/08/1967 Zeitlinger 295.00   547.0028 CHE 1966 03/02/2014 C-1 Books